Evénements du 26 août - Statistiques

Statistiques générales
  • Ce quiz a été pris 36 fois
  • Le résultat moyen est 8 sur 15
Statistiques - réponses
Hint Réponse % Correct
Adoption de la Déclaration des Droits de l'Homme et du Citoyen 1789
93%
Naissance de Mère Teresa 1910
80%
Charles de Gaulle descend les Champs-Elysées à pied 1944
80%
Défaite de Crécy contre les Anglais 1346
70%
Mort du roi Louis Philippe 1850
67%
Ralliement du Tchad à la France Libre 1940
63%
Mort de l'acteur Charles Boyer ET Election du pape Jean-Paul 1er 1978
53%
Naissance de Joseph Montgolfier 1740
50%
Naissance de la réalisatrice Nina Companéez 1937
50%
Début de la Fronde à Paris 1648
47%
Naissance du chimiste Antoine Lavoisier 1743
43%
Mort du dessinateur Bob de Moor 1992
37%
Mort de l'actrice Odette Joyeux 2000
33%
Mort de l'aviateur Charles Lindbergh 1974
30%
Mort de Tex Avery 1980
20%
Aucun quiz correspondant
Distribution des résultats
% des personnes avec chaque résultat
Percentile par nombre de réponses
Votre historique - résultats
Vous n’avez pas pris ce quiz